Innovation Processes and Their Informational Provision
Počítačová podpora výrobných procesov. Technologická príprava produkcie. Implementácia inovácií v podnikoch.
Salvato in:
| Autore principale: | |
|---|---|
| Altri autori: | , , |
| Natura: | Capitolo di libro |
| Lingua: | inglese |
| Soggetti: | |
| Tags: |
Nessun Tag, puoi essere il primo ad aggiungerne!!
|
MARC
| LEADER | 00000nla a2200000 4500 | ||
|---|---|---|---|
| 001 | 0240009 | ||
| 005 | 20240502073907.0 | ||
| 041 | 0 | |a eng | |
| 044 | |a SK | ||
| 245 | 1 | 0 | |a Innovation Processes and Their Informational Provision |c Jaroslav Dugas, Andrea Seňová, Jaroslav Dugas ml., Cyril Závadský |
| 520 | |a Počítačová podpora výrobných procesov. Technologická príprava produkcie. Implementácia inovácií v podnikoch. | ||
| 610 | 2 | 0 | |a simulácia |
| 610 | 2 | 0 | |a proces výrobný |
| 610 | 2 | 0 | |a inovácia |
| 610 | 2 | 0 | |a inžinierstvo softvérové |
| 610 | 2 | 0 | |a príprava výroby |
| 610 | 2 | 0 | |a príprava výroby technologická |
| 100 | 1 | |a Dugas, Jaroslav, 1967- | |
| 700 | 1 | |a Seňová, Andrea | |
| 700 | 1 | |a Dugas, Jaroslav, ml. | |
| 700 | 1 | |a Závadský, Cyril, 1971- | |